| 000 | 00835cam a22002531 4500 | ||
|---|---|---|---|
| 082 | 0 | 0 |
_a620.112 _bPAR _cL-21, P-67 |
| 100 | 1 |
_aParker, Harry, _940845 |
|
| 245 | 1 | 0 | _aSimplified mechanics and strength of materials. |
| 250 | _a2d ed. | ||
| 260 |
_aNew York, _bWiley _c[1961] |
||
| 300 |
_axv, 285 p. _billus. _c21 cm. |
||
| 526 |
_a0 _b0 _c0 _d620_112000000000000_PAR |
||
| 526 |
_a0 _b0 _c0 _d620_112000000000000_PAR |
||
| 526 |
_a0 _b0 _c0 _d620_112000000000000_PAR |
||
| 526 |
_a0 _b0 _c0 _d620_112000000000000_PAR |
||
| 526 |
_a0 _b0 _c0 _d620_112000000000000_PAR |
||
| 526 |
_a0 _b0 _c0 _d620_112000000000000_PAR |
||
| 526 |
_a0 _b0 _c0 _d620_112000000000000_PAR |
||
| 526 |
_a0 _b0 _c0 _d620_112000000000000_PAR |
||
| 650 | 0 |
_aMCE _9379 |
|
| 650 | 0 |
_aMechanics, Applied. _913090 |
|
| 650 | 0 |
_aStrength of materials. _9563 |
|
| 942 |
_2ddc _cBK |
||
| 999 |
_c545093 _d545093 |
||